All Governors of Montana - Statistics

General Stats
  • This quiz has been taken 3 times
  • The average score is 9 of 25
Answer Stats
Hint Party Answer % Correct
2005 - 2013 Democrat Brian Schweitzer
100%
2021 - Present Republican Greg Gianforte
100%
2013 - 2021 Democrat Steve Bullock
100%
1961 - 1962 Republican Donald Grant Nutter
33%
1935 - 1937 Democrat Elmer Holt
33%
1933 - 1935 Democrat Frank Henry Cooney
33%
1953 - 1961 Republican J. Hugo Aronson
33%
1925 - 1933 Democrat John E. Erickson
33%
1983 - 1897 Republican John E. Rickards
33%
1949 - 1953 Democrat John W. Bonner
33%
1921 - 1925 Republican Joseph M. Dixon
33%
1889 - 1893 Democrat Joseph Toole
33%
1901 - 1908 Democrat Joseph Toole
33%
2001 - 2005 Republican Judy Martz
33%
1993 - 2001 Republican Marc Racicot
33%
1987 - 1901 Fusion Robert Burns Smith
33%
1937 - 1941 Democrat Roy E. Ayers
33%
1913 - 1921 Democrat Sam V. Stewart
33%
1989 - 1993 Republican Stan Stephens
33%
1981 - 1989 Republican Ted Schwinden
33%
1962 - 1969 Republican Tim Babcock
33%
1908 - 1913 Democrat Edwin L. Norris
0%
1969 - 1973 Democrat Forrest H. Anderson
0%
1941 - 1949 Republican Sam C. Ford
0%
1973 - 1981 Democrat Thomas Lee Judge
0%
No matching quizzes found
Score Distribution
Percent of People with Each Score
Percentile by Number Answered
Your Score History
You have not taken this quiz